00475nam a2200145Ia 4500008004100000020001800041100002700059245007200086250001300158260003600171300004100207500005000248650001700298650001400315191206s9999 xx 000 0 und d a9781260098280 aKottak, Conrad Phillip cConrad Phillip KottakaAnthropology:bappreciating human diversity/ a18th ed. aNY:bMcGrawHill Educationc2019 axxxii, 501 p. ;bcol. ill. :c28 cm. aIncludes index and bibliographical references aAnthropology aEthnology